000 00491nam a22001577a 4500
999 _c528009
_d528009
082 _a628
100 _aIqbal, Khalid
245 _aCONTRIBUTION OF INERT WASTE IN DETERIORATION URBAN AMBIENT AIR QUALITY /
_cKhalid Iqbal.
260 _aIslamabad:
_bSCEE - NUST,
_c2018.
300 _a179 p.: ill.;
_c30cm.
942 _2ddc
_cTHE
650 _aPh. D Thesis
_919288
700 _aDr. Muhammad Anwar BAig
_919516